TV Shows by IMDb FAQ Quiz Stats

Quiz Updated Jul 12, 2015

Challenge
Share
Tweet
Embed
Score 0/28 Timer 07:00
0 Plays Today
% Correct
Family Guy
93.5%
Star Trek
92.1%
M*A*S*H
89.9%
The Big Bang Theory
88.9%
The Sopranos
85%
House, M.D.
81.8%
Doctor Who
81.7%
Frasier
79.1%
The Office
78.1%
Dallas
77.7%
Home Improvement
74.2%
Scrubs
73.2%
The Simpsons
67.8%
Cheers
66.1%
% Correct
Game of Thrones
64.3%
Arrested Development
61.4%
Friends
61.1%
The Walking Dead
55.1%
Monty Python's Flying Circus
51.8%
The X-Files
51%
The West Wing
49.9%
South Park
49.6%
24
49.6%
Seinfeld
48.1%
Battlestar Galactica
44.8%
Breaking Bad
42.4%
Dexter
41.7%
Lost
39.3%

You're not logged in!

Compare scores with friends on all Sporcle quizzes.
Join for Free
OR
Log In

You Might Also Like...

Show Comments

Extras

Top Quizzes Today


Score Distribution

Your Account Isn't Verified!

In order to create a playlist on Sporcle, you need to verify the email address you used during registration. Go to your Sporcle Settings to finish the process.

Report this User

Report this user for behavior that violates our Community Guidelines.

Details: